000 00719nam a2200265 i 4500
001 C2-0293257
003 PPAK
005 20180728025143.0
008 090121s2006 my a|||| ||||| | eng d
020 _a9833440363
040 _aPPAK
_beng
_cPPAK
_erda
082 0 4 _a030
_223
090 0 0 _a030
_bPET
_dRK
100 1 _aPeter, Janis,
_eauthor
245 1 0 _aRobots
264 1 _aKuala Lumpur :
_bEdaran Kemajuan ,
_c2006
300 _a48 pages :
_bcolour illustrations ;
_c20 cm
336 _2rdacontent
_atext
337 _2rdamedia
_aunmediated
338 _2rdacarrier
_avolume
490 1 _aScience enquire series
650 1 0 _aCuriosities and wonders
830 0 _aScience enquire series
942 _ddc
_cB
999 _c98009
_d98009